00994nam a2200193 a 450000100100000000500170001000800410002704000250006808200150009310000390010824500980014726000590024530000210030450000970032504900090042295201710043195201810060299900170078300003285120200930065855.0110727s1938 dr 000 0 spa d aDO-SdBNPbspacBNPHU axxxbH557u1 aHernández, José Enrique95864313aLa universidad, la escuela y el taller en la egida de Trujillo /cJosé Enrique Hernández. aSantiago, República Dominicana :bL. H. Cruz,c1938. a106 p. ;c21 cm. aConferencia pronunciada en el Partido Dominicano en Santiago, la noche del 12 agosto de 1938 aBNPD 001050718RVaPDbPDcHDd2011-07-27iLF1l0oxxx H557up32851-10r2020-06-25w2020-06-25y1zPerteneció a la biblioteca personal de Martínez BoogZNo se presta 001050718RVaPDbPDcCTd2011-08-10iLF1l0oxxx H557up32851-20r2020-06-25te. 2w2020-06-25y1zPerteneció a la biblioteca personal de Julio Ortega Frier.ZNo se presta c32342d32342